000 00353pab a2200157 454500
008 180718b2001 xxu||||| |||| 00| 0 eng d
100 _aJishnu, Latha
245 _aWaiting for justice
260 _c2001
300 _ap.28-37
362 _a4 Sep
650 _aJudiciary - India
650 _aJudiciary
773 _aBusiness World
909 _a49807
999 _c49807
_d49807